| 000 | 00745nam a2200229Ia 4500 | ||
|---|---|---|---|
| 001 | 8456 | ||
| 003 | GE_BSU | ||
| 008 | 181216s||||||||xx |||||||||||||| ||und|| | ||
| 040 | _cGE_BSU | ||
| 080 | _a82–93 | ||
| 100 | _aვაჟა-ფშაველა | ||
| 245 | _aლექსები, პოემები, მოთხრობა. | ||
| 245 | _bმე–10 კლასის მოსწავლეთათვის. | ||
| 245 | _cრედ.: ა. ბაჩიძე | ||
| 260 | _aთბილისი. | ||
| 260 | _bგანათლება | ||
| 260 | _c1966 | ||
| 300 | _a51 გვ; 21 სმ. | ||
| 541 | _h3 ლ. | ||
| 653 | _aლექსები, პოემები, მოთხრობა. | ||
| 942 | _cBK | ||
| 999 |
_c41775 _d41775 |
||